000 00972cam a22002055a 4500
001 L137915
008 070508s2007 xxk f 000 0 eng d
035 _a(Sirsi) u137915
041 0 _aeng
110 2 _aRoyal Institution of Chartered Surveyors
_bEconomics
_95033
245 0 0 _aRICS UK economic brief
_bApril 2007
_h[electronic resource]
260 _c2007
490 0 _aRICS UK Economic Brief
_vApril 2007
520 _aReports a slight slow down in the service and construction sectors. Reports that business demand for commercial property picked up at the fastest pace in 7 years, that the construction industry expanded by 2.8% in the twelve months to March, and that the monthly house price inflation almost doubled in April.
590 _aKA
651 4 _aUnited Kingdom
_y
690 _aPROPERTY-PROPERTY MARKET
856 4 0 _uhttps://www.rics.org/site/scripts/download_info.aspx?downloadID=965
_zView the item free of charge at www.rics.org...
942 _n0
999 _c106933
_d106933